|
|
|
|
| LEADER |
00000cam a2200000 7i4500 |
| 001 |
0000004982 |
| 005 |
20151222.0 |
| 008 |
070731 |
| 020 |
|
|
|a 9833241700
|
| 090 |
0 |
0 |
|a AGR MAL
|
| 245 |
0 |
0 |
|a Herba
|c Panel penulis PCT
|
| 260 |
|
|
|a Selangor :
|b Penerbit PCT ,
|c 2006
|
| 440 |
|
|
|a Siri menerokai alam botani
|
| 500 |
|
|
|a Children ages 10-12 years old (pink)
|
| 650 |
|
0 |
|a Agriculture
|
| 650 |
|
0 |
|a Junior fiction
|x Malay
|x Languages
|
| 999 |
|
|
|a 0000917910
|b Book
|c Children Collection
|e Cawangan Bukit Gambir
|
| 999 |
|
|
|a 0000917911
|b Book
|c Children Collection
|e Cawangan Bukit Gambir
|
| 999 |
|
|
|a 0000917912
|b Book
|c Children Collection
|e Cawangan Bukit Gambir
|
| 999 |
|
|
|a 0000928500
|b Book
|c Children Collection
|e Cawangan Tangkak
|
| 999 |
|
|
|a 0000928501
|b Book
|c Children Collection
|e Cawangan Tangkak
|
| 999 |
|
|
|a 0000928502
|b Book
|c Children Collection
|e Cawangan Tangkak
|
| 999 |
|
|
|a 0000978964
|b Book
|c Children Collection
|e Cawangan Tmn. Ungku Tun Aminah
|
| 999 |
|
|
|a 0000978965
|b Book
|c Children Collection
|e Cawangan Segamat
|
| 999 |
|
|
|a 0000978966
|b Book
|c Children Collection
|e Cawangan Bandar Tenggara
|
| 999 |
|
|
|a 0000978968
|b Book
|c Children Collection
|e Cawangan Batu Pahat
|